Mathematics : (Record no. 606850)
[ view plain ]
| 000 -LEADER | |
|---|---|
| fixed length control field | 00340nam a22001337a 4500 |
| 040 ## - CATALOGING SOURCE | |
| Transcribing agency | NUST |
| 082 ## - DEWEY DECIMAL CLASSIFICATION NUMBER | |
| Classification number | 510 |
| Author Mark | MOD |
| 100 ## - MAIN ENTRY--PERSONAL NAME | |
| Personal name | Clarke, Collete |
| 9 (RLIN) | 118667 |
| 245 ## - TITLE STATEMENT | |
| Title | Mathematics : |
| Remainder of title | Module 1 / |
| Statement of responsibility, etc. | Collete Clarke |
| 260 ## - PUBLICATION, DISTRIBUTION, ETC. | |
| Place of publication, distribution, etc. | United States : |
| Name of publisher, distributor, etc. | Aircraft Technical Book Company; |
| Date of publication, distribution, etc. | 2016. |
| 300 ## - PHYSICAL DESCRIPTION | |
| Extent | 116p. |
| 521 ## - TARGET AUDIENCE NOTE | |
| Source | HB |
| 942 ## - ADDED ENTRY ELEMENTS (KOHA) | |
| Source of classification or shelving scheme | |
| Koha item type | Book |
| Withdrawn status | Lost status | Source of classification or shelving scheme | Damaged status | Not for loan | Permanent Location | Current Location | Shelving location | Date acquired | Total Checkouts | Total Renewals | Full call number | Barcode | Date last seen | Date last checked out | Price effective from | Koha item type |
|---|---|---|---|---|---|---|---|---|---|---|---|---|---|---|---|---|
| School of Mechanical & Manufacturing Engineering (SMME) | School of Mechanical & Manufacturing Engineering (SMME) | Aerospace Engineering | 11/28/2023 | 1 | 3 | 510 MOD | SMME-4549 | 03/17/2026 | 09/30/2025 | 11/28/2023 | Book | |||||
| School of Mechanical & Manufacturing Engineering (SMME) | School of Mechanical & Manufacturing Engineering (SMME) | Aerospace Engineering | 11/28/2023 | 510 MOD | SMME-4550 | 11/28/2023 | 11/28/2023 | Book | ||||||||
| School of Mechanical & Manufacturing Engineering (SMME) | School of Mechanical & Manufacturing Engineering (SMME) | Aerospace Engineering | 11/28/2023 | 510 MOD | SMME-4551 | 11/28/2023 | 11/28/2023 | Book |
